Ephebi /

সংরক্ষণ করুন:
গ্রন্থ-পঞ্জীর বিবরন
প্রধান লেখক: Patrioli, Tony (লেখক)
অন্যান্য লেখক: Teobaldelli, Ivan
বিন্যাস: গ্রন্থ
ভাষা:ইতালিয়
ইংরেজি
প্রকাশিত: Milano : Babilonia Edizioni, 1989
ট্যাগগুলো: ট্যাগ যুক্ত করুন
কোনো ট্যাগ নেই, প্রথমজন হিসাবে ট্যাগ করুন!

MARC

LEADER 00000nam a22000007i 4500
001 IT\ICCU\UBO\3432256
003 ItRI
005 20260304232830.0
008 080604s1989 it |||||| ||||| |||||c
040 |b ita  |c ct 
041 7 |a ita  |a eng  |2 ISO-639-2 
100 1 |a Patrioli, Tony  |0 IT\ICCU\UBOV\240856  |4 aut 
245 1 0 |a Ephebi /  |c Tony Patrioli ; prefazione di Ivan Teobaldelli. 
260 |a Milano :  |b Babilonia Edizioni,  |c 1989 
300 |a lxxvii :  |b in gran parte ill. ;  |c 30 cm. 
700 1 |a Teobaldelli, Ivan  |0 IT\ICCU\LO1V\130507 
942 |2 ddc  |c BK 
952 |0 0  |1 0  |2 ddc  |4 0  |6 B_AFT01PATTOEPH11  |7 0  |9 5350  |a MI  |b MI  |d 2005-08-25  |i 4722  |l 0  |o B-AFT01-PATTO-EPH11  |p CDOM4722  |r 2025-07-13 16:27:00  |w 2025-07-13  |x ACQUISTO  |y BK 
952 |0 0  |1 0  |4 0  |6 DOC_778_921000000000000_PAT  |7 0  |9 23793  |a BO  |b BO  |d 2026-01-15  |i 1903  |l 0  |o DOC 778.921 PAT  |p BO1903  |r 2026-01-15 23:23:10  |w 2026-01-15  |x [Sebina 7] [1 v.]  |y BK  |z 1 v. 
999 |c 4270  |d 4270